[Event "EU-chT Seniors 10th"]
[Site "Dresden"]
[Date "2008.02.17"]
[Round "7.4"]
[White "Illi, Hans Joerg"]
[Black "Malich, Burkhard"]
[Result "1/2-1/2"]
[WhiteElo "2167"]
[BlackElo "2380"]
[PlyCount "45"]
[EventDate "2008.02.11"]
[EventType "team-swiss"]
[EventRounds "9"]
[EventCountry "GER"]
[SourceTitle "CBM 122 Extra"]
[Source "ChessBase"]
[SourceDate "2008.03.04"]
[SourceVersion "1"]
[SourceVersionDate "2008.03.04"]
[SourceQuality "1"]
[WhiteTeam "Switzerland"]
[BlackTeam "Germany"]
[WhiteTeamCountry "SUI"]
[BlackTeamCountry "GER"]

1. d4 d5 2. Nf3 Nf6 3. c3 g6 4. Bg5 Bg7 5. Nbd2 0-0 6. e3 Nbd7 7. Bd3 Re8 8. 0-0 e5 9. dxe5 Nxe5 10. Nxe5 Rxe5 11. Nf3 Bg4 12. Bf4 Re6 13. h3 Bxf3 14. Qxf3 c6 15. Bg5 Qb6 16. Bxf6 Rxf6 17. Qe2 Re8 18. a4 a5 19. Rad1 Rfe6 20. Qc2 R6e7 21. Rd2 Be5 22. c4 dxc4 23. Bxc4 1/2-1/2

[Event "EU-chT Seniors 10th"]
[Site "Dresden"]
[Date "2008.02.12"]
[Round "2.4"]
[White "Malich, Burkhard"]
[Black "Seuss, Oswald"]
[Result "0-1"]
[WhiteElo "2380"]
[BlackElo "2170"]
[PlyCount "92"]
[EventDate "2008.02.11"]
[EventType "team-swiss"]
[EventRounds "9"]
[EventCountry "GER"]
[SourceTitle "CBM 122 Extra"]
[Source "ChessBase"]
[SourceDate "2008.03.04"]
[SourceVersion "1"]
[SourceVersionDate "2008.03.04"]
[SourceQuality "1"]
[WhiteTeam "Germany"]
[BlackTeam "Wien"]
[WhiteTeamCountry "GER"]
[BlackTeamCountry "AUT"]

1. d4 Nf6 2. Nf3 g6 3. c4 Bg7 4. Nc3 d6 5. e4 0-0 6. Be2 e5 7. 0-0 Nc6 8. d5 Ne7 9. Ne1 Nd7 10. Nd3 f5 11. f3 f4 12. Bd2 g5 13. Rc1 Ng6 14. b4 h5 15. c5 Rf7 16. c6 bxc6 17. dxc6 Nf6 18. Nb2 Kh8 19. Qb3 Re7 20. Rfd1 g4 21. Be1 Bh6 22. Rc2 Rg7 23. Kh1 Nh7 24. Bc4 Ng5 25. Ne2 Qe7 26. Na4 gxf3 27. gxf3 Nh3 28. Nc1 Nf8 29. Rg2 Rxg2 30. Kxg2 Qg5+ 31. Kf1 Qg1+ 32. Ke2 Qxh2+ 33. Kd3 Nf2+ 34. Bxf2 Qxf2 35. Bd5 Rb8 36. Nc3 h4 37. Kc4 h3 38. Qa4 h2 39. Qa5 Ne6 40. Rh1 a6 41. b5 axb5+ 42. Kb4 Nc5 43. N1e2 Qg2 44. Qa7 Qxh1 45. Ka5 Na6 46. Qf2 Bg5 0-1

[Event "GER-chT Seniors 16th"]
[Site "Halle"]
[Date "2007.09.16"]
[Round "4.1"]
[White "Rickers, Gerd"]
[Black "Malich, Burkhard"]
[Result "1/2-1/2"]
[WhiteElo "2173"]
[BlackElo "2393"]
[PlyCount "55"]
[EventDate "2007.09.13"]
[EventType "team"]
[EventRounds "7"]
[EventCountry "GER"]
[SourceTitle "EXT 2008"]
[Source "ChessBase"]
[SourceDate "2007.11.25"]
[SourceVersion "1"]
[SourceVersionDate "2007.11.25"]
[SourceQuality "1"]

1. d4 d5 2. Nf3 Nf6 3. c4 c6 4. cxd5 cxd5 5. Nc3 Nc6 6. Bf4 e6 7. e3 a6 8. Rc1 Bd6 9. Bxd6 Qxd6 10. Bd3 0-0 11. 0-0 Bd7 12. a3 Rac8 13. b4 Rc7 14. Qb3 Rfc8 15. h3 Na7 16. Ne2 Bb5 17. Rxc7 Rxc7 18. Ne5 Ne4 19. Rc1 Nd2 20. Qa2 Bxd3 21. Nxd3 Rxc1+ 22. Nexc1 Nc4 23. Nb3 Nb5 24. a4 Nba3 25. a5 b6 26. axb6 Qxb6 27. Nbc5 a5 28. Qb3 1/2-1/2

[Event "GER-chT Seniors 16th"]
[Site "Halle"]
[Date "2007.09.13"]
[Round "1.1"]
[White "Malich, Burkhard"]
[Black "Delander, Adolf"]
[Result "1/2-1/2"]
[WhiteElo "2393"]
[BlackElo "2072"]
[PlyCount "117"]
[EventDate "2007.09.13"]
[EventType "team"]
[EventRounds "7"]
[EventCountry "GER"]
[SourceTitle "EXT 2008"]
[Source "ChessBase"]
[SourceDate "2007.11.25"]
[SourceVersion "1"]
[SourceVersionDate "2007.11.25"]
[SourceQuality "1"]

1. d4 d5 2. Nf3 Nf6 3. c4 c6 4. e3 e6 5. Bd3 Nbd7 6. 0-0 Bd6 7. Nbd2 0-0 8. e4 dxe4 9. Nxe4 Nxe4 10. Bxe4 h6 11. Bc2 Re8 12. Re1 Nf8 13. Bd2 b6 14. Qe2 Bb7 15. Rad1 Qc7 16. Bc3 Rad8 17. Ne5 Bxe5 18. Qxe5 Qxe5 19. dxe5 c5 20. Ba4 Rxd1 21. Rxd1 Rc8 22. Rd6 g5 23. f3 Kg7 24. Kf2 Rc7 25. g3 Ng6 26. Bc2 Bc8 27. Rd8 Ba6 28. b3 Bc8 29. Ke3 Ne7 30. f4 gxf4+ 31. gxf4 Ng8 32. h4 Ne7 33. h5 Nc6 34. Rd6 Ne7 35. Kf2 Nc6 36. f5 exf5 37. e6+ Nd4 38. Bxf5 fxe6 39. Bxe6 Bxe6 40. Rxe6 Rf7+ 41. Kg2 Rf5 42. Rd6 Rxh5 43. Bxd4+ cxd4 44. Rxd4 Ra5 45. a4 Kf7 46. Rd6 h5 47. Rh6 Ke7 48. Kf3 Kd7 49. Ke4 Kc7 50. Rh7+ Kd6 51. Kd4 Kc6 52. Kc3 a6 53. Kd4 Kd6 54. Rh6+ Kc7 55. Ke4 Rc5 56. Rg6 a5 57. Kd4 Rf5 58. Rg7+ Kc6 59. Rg6+ 1/2-1/2

[Event "Oberliga Ost-A 0607"]
[Site "Germany"]
[Date "2007.03.18"]
[Round "8.1"]
[White "Becker, Michael"]
[Black "Malich, Burkhard"]
[Result "1/2-1/2"]
[WhiteElo "2313"]
[BlackElo "2386"]
[PlyCount "25"]
[EventDate "2006.10.15"]
[EventType "team-tourn"]
[EventRounds "11"]
[EventCountry "GER"]
[SourceTitle "EXT 2008"]
[Source "ChessBase"]
[SourceDate "2007.11.25"]
[SourceVersion "1"]
[SourceVersionDate "2007.11.25"]
[SourceQuality "1"]
[WhiteTeam "Halle USV"]
[BlackTeam "Naumburg"]
[WhiteTeamCountry "GER"]
[BlackTeamCountry "GER"]

1. e4 c5 2. Nf3 e6 3. d3 d5 4. Qe2 Nf6 5. g3 Be7 6. Bg2 Nc6 7. 0-0 h6 8. Re1 a6 9. Nbd2 b6 10. c3 Bb7 11. a3 a5 12. exd5 Nxd5 13. Nc4 1/2-1/2

[Event "EU-chT Seniors 09th"]
[Site "Dresden"]
[Date "2007.02.19"]
[Round "4"]
[White "Karasev, Vladimir I"]
[Black "Malich, Burkhard"]
[Result "1/2-1/2"]
[WhiteElo "2378"]
[BlackElo "2399"]
[PlyCount "57"]
[EventDate "2007.02.16"]
[EventType "team-swiss"]
[EventRounds "9"]
[EventCountry "GER"]
[SourceTitle "CBM 117 Extra"]
[Source "ChessBase"]
[SourceDate "2007.05.09"]
[SourceVersion "1"]
[SourceVersionDate "2007.05.09"]
[SourceQuality "1"]

1. Nf3 d5 2. g3 Nf6 3. Bg2 c6 4. d3 Bg4 5. h3 Bxf3 6. Bxf3 e5 7. Bg2 Nbd7 8. 0-0 Bd6 9. e4 0-0 10. Nc3 dxe4 11. dxe4 Qe7 12. Qe2 Nc5 13. Nd1 Rfe8 14. Ne3 g6 15. Nc4 Bc7 16. a4 a5 17. Bd2 Ne6 18. c3 Nc5 19. Bg5 Qe6 20. Rfd1 Red8 21. Rxd8+ Rxd8 22. Ne3 Ra8 23. Bxf6 Qxf6 24. Qc4 Qe7 25. Rd1 Rd8 26. Rxd8+ Bxd8 27. h4 Bb6 28. Bh3 Qd6 29. Bf1 1/2-1/2

[Event "EU-chT Seniors 09th"]
[Site "Dresden"]
[Date "2007.02.18"]
[Round "3"]
[White "Malich, Burkhard"]
[Black "Krueger, Erich"]
[Result "1-0"]
[WhiteElo "2399"]
[BlackElo "2196"]
[PlyCount "115"]
[EventDate "2007.02.16"]
[EventType "team-swiss"]
[EventRounds "9"]
[EventCountry "GER"]
[SourceTitle "CBM 117 Extra"]
[Source "ChessBase"]
[SourceDate "2007.05.09"]
[SourceVersion "1"]
[SourceVersionDate "2007.05.09"]
[SourceQuality "1"]

1. d4 Nf6 2. Nf3 g6 3. c4 Bg7 4. Nc3 0-0 5. e4 d6 6. Be2 e5 7. 0-0 c6 8. Re1 Na6 9. Bf1 Bg4 10. d5 c5 11. h3 Bd7 12. a3 Ne8 13. Rb1 f5 14. b4 b6 15. Bd3 f4 16. Nb5 Qe7 17. Bd2 g5 18. Nh2 Nf6 19. Ng4 h5 20. Nxf6+ Rxf6 21. Be2 g4 22. hxg4 Rg6 23. f3 hxg4 24. fxg4 Qh4 25. Rb3 Rh6 26. Rh3 Qf6 27. Rf1 Kf7 28. Be1 Ke7 29. Rh5 Rxh5 30. gxh5 Bh6 31. Bg4 Bxb5 32. cxb5 Nc7 33. bxc5 bxc5 34. a4 Rg8 35. Bf5 Ne8 36. Bg6 Qg5 37. Qf3 Nf6 38. Qh3 Qg4 39. Kh2 Bg5 40. Rf3 Qxh3+ 41. Kxh3 Nd7 42. a5 Rb8 43. Rb3 Kf6 44. Bf5 c4 45. Rb1 Nc5 46. b6 Nb3 47. bxa7 Ra8 48. Bf2 f3 49. Bd7 Nd4 50. Rb7 c3 51. Ba4 fxg2 52. Kxg2 Bc1 53. Bh4+ Bg5 54. h6 Ne2 55. Bxg5+ Kxg5 56. h7 Nf4+ 57. Kf3 Ng6 58. Ke3 1-0